000 005730000a22001930004500
001 2023
003 CO-MdFUSB
005 20170522180331.0
008 170522b xxu||||| |||| 00| 0 eng d
020 _a978-958-45-0308-4
040 _cCO-MdBIC
082 0 4 _a863C B862cq
100 1 _aVéit, Barbara
245 1 0 _aEl caracol que quería saber quién le robó su casa / Barbara Véit ; traductor Olga Martín ; ilustraciones Abba Laura Cantone
260 _aBogotá : Grupo Editorial Norma
300 _a32 P.
650 1 4 _aCuentos Infantiles Aleman
942 _cLGB
999 _c49173
_d49173